<?xml version="1.0" encoding="UTF-8"?><?xml-stylesheet type="text/xsl" href="static/style.xsl"?><OAI-PMH xmlns="http://www.openarchives.org/OAI/2.0/" xmlns:xsi="http://www.w3.org/2001/XMLSchema-instance" xsi:schemaLocation="http://www.openarchives.org/OAI/2.0/ http://www.openarchives.org/OAI/2.0/OAI-PMH.xsd"><responseDate>2026-06-07T08:13:32Z</responseDate><request verb="GetRecord" identifier="oai:riuma.uma.es:10630/38131" metadataPrefix="marc">https://riuma.uma.es/rest/oai/request</request><GetRecord><record><header><identifier>oai:riuma.uma.es:10630/38131</identifier><datestamp>2026-02-03T10:23:10Z</datestamp><setSpec>com_10630_1685</setSpec><setSpec>col_10630_38055</setSpec></header><metadata><record xmlns="http://www.loc.gov/MARC21/slim" xmlns:dcterms="http://purl.org/dc/terms/" xmlns:doc="http://www.lyncode.com/xoai" xmlns:xsi="http://www.w3.org/2001/XMLSchema-instance" xsi:schemaLocation="http://www.loc.gov/MARC21/slim http://www.loc.gov/standards/marcxml/schema/MARC21slim.xsd">
   <leader>00925njm 22002777a 4500</leader>
   <datafield ind2=" " ind1=" " tag="042">
      <subfield code="a">dc</subfield>
   </datafield>
   <datafield ind2=" " ind1=" " tag="720">
      <subfield code="a">Luque Salguero, José Antonio</subfield>
      <subfield code="e">author</subfield>
   </datafield>
   <datafield ind2=" " ind1=" " tag="260">
      <subfield code="c">2024-09</subfield>
   </datafield>
   <datafield ind2=" " ind1=" " tag="520">
      <subfield code="a">La gestión de carteras es un campo de gran interés para inversores y gesto&#xd;
res de activos, quienes buscan maximizar los rendimientos mientras minimizan el&#xd;
 riesgo asociado. En los últimos años, ha surgido un interés creciente en la inte&#xd;
gración de criterios de sostenibilidad en la toma de decisiones de inversión, lo que&#xd;
 refleja una preocupación creciente por los impactos sociales y ambientales de las&#xd;
 actividades económicas.&#xd;
 Si bien existen enfoques previos para la optimización de carteras que consi&#xd;
deran uno o dos de los objetivos mencionados, las contribuciones clave de este&#xd;
 TFG radican en la integración de los tres objetivos en un único modelo cuadrá&#xd;
tico no convexo, así como en la aplicación de algoritmos basados en poblaciones&#xd;
 para su resolución. Además, se explorarán estrategias innovadoras para abordar&#xd;
 el problema y se evaluará empíricamente el desempeño del enfoque propuesto en&#xd;
 comparación con métodos de referencia en la literatura.</subfield>
   </datafield>
   <datafield ind1="8" ind2=" " tag="024">
      <subfield code="a">https://hdl.handle.net/10630/38131</subfield>
   </datafield>
   <datafield tag="653" ind2=" " ind1=" ">
      <subfield code="a">Bolsa de valores</subfield>
   </datafield>
   <datafield tag="653" ind2=" " ind1=" ">
      <subfield code="a">Optimización combinatoria</subfield>
   </datafield>
   <datafield tag="653" ind2=" " ind1=" ">
      <subfield code="a">Informática - Trabajos Fin de Grado</subfield>
   </datafield>
   <datafield tag="653" ind2=" " ind1=" ">
      <subfield code="a">Grado en Ingeniería Informática - Trabajo Fin de Grado</subfield>
   </datafield>
   <datafield ind2="0" ind1="0" tag="245">
      <subfield code="a">Optimización global de modelos de  Media-Varianza-Sostenibilidad multiagencia para  gestión de carteras.</subfield>
   </datafield>
</record>
</metadata></record></GetRecord></OAI-PMH>